00601 2200241 4500001002100000008004100021035001900062245007600081100002000157110002000177250000500197260003900202300002600241020001900267022001800286024000500304084001300309520000500322082000700327650000500334863000500339990001500344INLIS000000000000009 Ind $a 0010-1222000008$a THE STROWBERI SURPRISE : $b THE STROWBERI SURPRISE / $c DESI PUSPITASARI$a DESI PUSPITASARI$a DESI PUSPITASARI$a I$a Jakarta $b PUSTAKA POPULER $c 2013 $a 68 hlm. ; $c 17x25 cm.$a 978-222-666-444$a 856-225-456-78$a -$a 800 DES t$a -$a 800$a -$a 1$a 1478/p/2018